000 01159nam a2200301 a 4500
001 50579
003 BD-RjUL
005 20211209075530.0
008 160827s1975 wb c 001 0 eng d
020 _a0387067582
020 _a3540067582 (Berlin)
035 _a(BD-RjUL)50699
040 _aBD-RjUL
_beng
_cBD-RjUL
041 _aeng
082 _a514.2
_223
_bSWA 1975
100 1 _aSwitzer, Robert M.,
_d1940-
_9151480
245 1 0 _aAlgebraic topology--homotopy and homology /
_cRobert M. Switzer
260 _aBerlin :
_bSpringer-Verlag,
_c1975
300 _axii, 526 p. :
_bill. ;
_c24 cm
490 1 _aGrundlehren der mathematischen Wissenschaften ;
_vBd.212
500 _a"This book is the result of lecture courses ... given by the author at the University of Manchester in 1967-1970, at Cornell University in 1970-1971, and the Georg August University, Göttingen, in 1971-72."
504 _aIncludes Bibliography and index
650 0 _aAlgebraic topology
_9151184
650 0 _aHomology theory
_9138661
650 0 _aHomotopy theory
_9138202
830 0 _aGrundlehren der mathematischen Wissenschaften ;
_vBd.212
_9151482
942 _2ddc
_cBK
999 _c50579
_d50579